[Event "SVK-chT3B2 2223"]
[Site "Slovakia"]
[Date "2022.12.18"]
[Round "4.7"]
[White "Sehnoutek, Miroslav"]
[Black "Geze, Daniel"]
[Result "1-0"]
[WhiteElo "1336"]
[BlackElo "1546"]
[PlyCount "69"]
[EventDate "2022.10.23"]
[EventType "team-tourn"]
[EventRounds "11"]
[EventCountry "SVK"]
[SourceTitle "EXT 2024"]
[Source "ChessBase"]
[SourceDate "2023.10.10"]
[SourceVersion "1"]
[SourceVersionDate "2023.10.10"]
[SourceQuality "1"]
[WhiteTeam "Belusa II"]
[BlackTeam "Dubnica nad Vahom V"]
[WhiteTeamCountry "SVK"]
[BlackTeamCountry "SVK"]

1. d4 Nf6 2. Nf3 d5 3. e3 Bf5 4. Bd3 Bg6 5. Nc3 e6 6. a3 Nbd7 7. b4 c6 8. Bb2 Bd6 9. Na4 b6 10. c4 dxc4 11. Bxg6 hxg6 12. Nc3 Qc7 13. g3 a6 14. e4 e5 15. d5 c5 16. b5 a5 17. Qe2 Nh5 18. Qxc4 f5 19. 0-0-0 Ndf6 20. h3 0-0-0 21. Nh4 fxe4 22. Nxe4 Nxe4 23. Qxe4 g5 24. Qf5+ Kb7 25. Qxg5 Rde8 26. Rhe1 c4 27. Re3 Re7 28. Ng6 Rh6 29. Nxe7 Bxe7 30. Qxe5 Bd6 31. Qe8 Nf6 32. Qc6+ Ka7 33. Qxc7+ Bxc7 34. Re7 Kb8 35. Be5 1-0

[Event "SVK-chT3B2 1819"]
[Site "Slovakia"]
[Date "2018.12.09"]
[Round "4.8"]
[White "Geze, Daniel"]
[Black "Potecky, Anton"]
[Result "1/2-1/2"]
[WhiteElo "1000"]
[BlackElo "1000"]
[PlyCount "110"]
[EventDate "2018.10.21"]
[EventType "team-tourn"]
[EventRounds "11"]
[EventCountry "SVK"]
[SourceTitle "CBM 189 Extra"]
[Source "ChessBase"]
[SourceDate "2019.06.03"]
[SourceVersion "1"]
[SourceVersionDate "2019.06.03"]
[SourceQuality "1"]
[WhiteTeam "Dubnica nad Vahom  III"]
[BlackTeam "Povazske Podhradie "]
[WhiteTeamCountry "SVK"]
[BlackTeamCountry "SVK"]

1. c4 e6 2. d4 d5 3. Nf3 c6 4. b3 Nf6 5. Bg5 Bb4+ 6. Nbd2 Qa5 7. Bxf6 gxf6 8. e3 Nd7 9. Qc2 dxc4 10. bxc4 Nf8 11. Qb2 Bc3 12. Qb1 Bxa1 13. Qxa1 Ng6 14. Bd3 Qc7 15. h4 Bd7 16. Ne4 0-0-0 17. Nxf6 Qa5+ 18. Ke2 Kb8 19. h5 Nf8 20. Ne5 Be8 21. Qb2 Qb6 22. Qc2 Qc7 23. a4 c5 24. Nf3 Qe7 25. Nxe8 Qxe8 26. Rb1 f6 27. g4 Qc6 28. Be4 Rd5 29. cxd5 exd5 30. Bf5 Qa6+ 31. Ke1 c4 32. Rb5 Qd6 33. Qb2 b6 34. a5 Nd7 35. Bxd7 Qxd7 36. axb6 a6 37. Rc5 Rc8 38. Rc7 Rxc7 39. bxc7+ Kxc7 40. Qa3 Kb7 41. Qb4+ Ka7 42. Qc5+ Kb7 43. Nh2 Qe6 44. Qf8 Qb6 45. Qe7+ Kb8 46. Qe8+ Kb7 47. Qa4 Qb1+ 48. Qd1 Qb4+ 49. Ke2 c3 50. Kd3 Qc4+ 51. Kc2 Qa4+ 52. Kc1 Qa1+ 53. Kc2 Qa4+ 54. Kc1 Qa3+ 55. Kc2 Qa4+ 1/2-1/2